[Event "Titled Tuesday intern op 27th Jun Early"]
[Site "Chess.com INT"]
[Date "2023.06.27"]
[Round "5"]
[White "Cherniaiev, Tykhon"]
[Black "Koutsin, Sergey"]
[Result "1-0"]
[WhiteElo "2330"]
[BlackElo "2481"]
[PlyCount "99"]
[EventDate "2023.06.27"]
[EventType "swiss (blitz)"]
[EventRounds "11"]
[EventCountry "USA"]
[SourceTitle "EXT 2024"]
[Source "ChessBase"]
[SourceDate "2023.10.10"]
[SourceVersion "1"]
[SourceVersionDate "2023.10.10"]
[SourceQuality "1"]

1. Nf3 Nf6 2. d4 d5 3. c4 e6 4. Nc3 c5 5. cxd5 exd5 6. g3 Nc6 7. Bg2 c4 8. 0-0 Bb4 9. Bg5 Be6 10. Ne5 0-0 11. Bxf6 gxf6 12. Nxc4 dxc4 13. d5 Bxc3 14. bxc3 Na5 15. dxe6 fxe6 16. Qa4 Qc7 17. Rfd1 Rad8 18. Qb4 b6 19. Bf3 Rf7 20. Rxd8+ Qxd8 21. Kg2 Rd7 22. Qb5 Kg7 23. Qh5 f5 24. e4 Qf6 25. exf5 Qxf5 26. Qe8 Rf7 27. Qa8 Rf8 28. Qe4 Qxe4 29. Bxe4 h6 30. Rd1 Kf6 31. Rd7 Rf7 32. Rd8 Rc7 33. Rh8 Ke5 34. Bf3 Rd7 35. Rxh6 Rd3 36. Bg4 Rxc3 37. Rxe6+ Kd5 38. h4 Rd3 39. h5 Rd4 40. Bf5 Kc5 41. h6 Rd8 42. h7 c3 43. Rg6 Rh8 44. Rg8 Rxh7 45. Bxh7 b5 46. Ra8 Nc6 47. Be4 b4 48. Rc8 Kd4 49. Bxc6 c2 50. Ba4 1-0

[Event "Titled Tuesday intern op 27th Jun Late"]
[Site "Chess.com INT"]
[Date "2023.06.27"]
[Round "3"]
[White "Goryachkina, Aleksandra"]
[Black "Koutsin, Sergey"]
[Result "0-1"]
[WhiteElo "2557"]
[BlackElo "2481"]
[PlyCount "124"]
[EventDate "2023.06.27"]
[EventType "swiss (blitz)"]
[EventRounds "11"]
[EventCountry "USA"]
[SourceTitle "EXT 2024"]
[Source "ChessBase"]
[SourceDate "2023.10.10"]
[SourceVersion "1"]
[SourceVersionDate "2023.10.10"]
[SourceQuality "1"]

1. e4 e6 2. d4 d5 3. Nd2 a6 4. Ngf3 c5 5. exd5 exd5 6. dxc5 Bxc5 7. Bd3 Nf6 8. 0-0 0-0 9. Nb3 Bb6 10. Bg5 Nc6 11. c3 Bg4 12. h3 Bh5 13. Be2 Re8 14. Nfd4 Bxe2 15. Nxe2 h6 16. Bh4 Qd6 17. Bg3 Qd7 18. Ned4 Ne4 19. Qd3 Nxg3 20. fxg3 Nxd4 21. Nxd4 Re4 22. Kh2 Bxd4 23. cxd4 Rae8 24. Rac1 Qd6 25. Qf3 f6 26. Qh5 Kh7 27. Qf5+ Kg8 28. Qg6 Re2 29. Rc3 Qd7 30. Rfc1 Qf7 31. Qxf7+ Kxf7 32. Rc7+ R8e7 33. Rxe7+ Rxe7 34. Rc2 Re4 35. Rc7+ Re7 36. Rc2 Ke6 37. g4 Kd6 38. Kg3 Re3+ 39. Kf4 Rd3 40. Kf5 Rxd4 41. Kg6 Rf4 42. Kxg7 d4 43. Kxh6 Kd5 44. g5 fxg5 45. Kxg5 Rf1 46. h4 d3 47. Rc8 Ke4 48. Rd8 Ke3 49. h5 d2 50. h6 Rf8 51. Rxd2 Kxd2 52. g4 Ke3 53. Kg6 Kf4 54. g5 Rf5 55. h7 Rxg5+ 56. Kh6 Rg2 57. h8Q Rh2+ 58. Kg7 Rxh8 59. Kxh8 Ke4 60. Kg7 Kd3 61. Kf6 Kc2 62. Ke6 Kxb2 0-1

[Event "Titled Tuesday intern op 27th Jun Early"]
[Site "Chess.com INT"]
[Date "2023.06.27"]
[Round "6"]
[White "Koutsin, Sergey"]
[Black "Jaskolka, Tomasz"]
[Result "0-1"]
[WhiteElo "2481"]
[BlackElo "2238"]
[PlyCount "90"]
[EventDate "2023.06.27"]
[EventType "swiss (blitz)"]
[EventRounds "11"]
[EventCountry "USA"]
[SourceTitle "EXT 2024"]
[Source "ChessBase"]
[SourceDate "2023.10.10"]
[SourceVersion "1"]
[SourceVersionDate "2023.10.10"]
[SourceQuality "1"]

1. d4 d5 2. c4 e5 3. dxe5 d4 4. Nf3 Nc6 5. a3 a5 6. b3 f6 7. exf6 Nxf6 8. Bb2 Bc5 9. g3 0-0 10. Bg2 Bg4 11. 0-0 Qd7 12. Nbd2 Rae8 13. b4 axb4 14. axb4 Bxb4 15. Nb3 Bc3 16. Bxc3 dxc3 17. Qc2 Bf5 18. Qxc3 Rxe2 19. Nfd4 Nxd4 20. Nxd4 Ne4 21. Bxe4 Rxe4 22. Nxf5 Qxf5 23. Ra5 Qe6 24. Rd5 c6 25. Rd4 Qf6 26. Rd3 Qe6 27. Rd4 Re2 28. Qd3 Ra2 29. Rd7 Ra4 30. c5 Rc4 31. Rxb7 Rxc5 32. Qd7 Qf6 33. Qe7 Qd4 34. Rd7 Rd5 35. Rc7 c5 36. Qe6+ Kh8 37. Rc8 Rdd8 38. Rxd8 Qxd8 39. Qc4 Qd6 40. Rc1 Rc8 41. Rc2 h6 42. Kg2 Qc6+ 43. f3 Rd8 44. h4 Rd1 45. Re2 Rd8 0-1

[Event "Titled Tuesday intern op 16th May Early"]
[Site "Chess.com INT"]
[Date "2023.05.16"]
[Round "5"]
[White "Han, Yichen"]
[Black "Koutsin, Sergey"]
[Result "0-1"]
[WhiteElo "2413"]
[BlackElo "2481"]
[PlyCount "112"]
[EventDate "2023.05.16"]
[EventType "swiss (blitz)"]
[EventRounds "11"]
[EventCountry "USA"]
[SourceTitle "CBM 214 Extra"]
[Source "ChessBase"]
[SourceDate "2023.07.31"]
[SourceVersion "1"]
[SourceVersionDate "2023.07.31"]
[SourceQuality "1"]

1. d4 Nf6 2. c4 e6 3. Nc3 Bb4 4. e3 0-0 5. Nf3 c5 6. Bd3 Nc6 7. Bd2 d5 8. a3 dxc4 9. Bxc4 cxd4 10. axb4 dxc3 11. Bxc3 Nd5 12. Bxd5 Qxd5 13. Qxd5 exd5 14. Rd1 Be6 15. b5 Nb8 16. 0-0 Nd7 17. Nd4 Nb6 18. Rc1 Rfc8 19. b3 a6 20. Ba5 Nd7 21. bxa6 bxa6 22. f4 Nc5 23. Bb6 Nd3 24. Rc6 Nb4 25. Rc7 Rxc7 26. Bxc7 Rc8 27. Bd6 Nc2 28. Nxe6 fxe6 29. Rc1 Rc6 30. Be5 Nb4 31. Ra1 Nc2 32. Rc1 Nb4 33. Ra1 Kf7 34. Ra4 Nd3 35. h3 Nxe5 36. fxe5 g5 37. Rb4 Kg6 38. Rb7 Kf5 39. Rxh7 Kxe5 40. Rg7 Kf6 41. Rb7 Kf5 42. Kf2 Ke4 43. g4 e5 44. Rb8 Rc2+ 45. Kg3 Kxe3 46. Rg8 d4 47. Rxg5 e4 48. Rd5 d3 49. h4 d2 50. h5 Rc5 51. Rd8 Rc3 52. h6 Rd3 53. Rxd3+ exd3 54. h7 d1Q 55. h8Q Qg1+ 56. Kh4 Qh1+ 0-1

[Event "Titled Tuesday intern op 16th May Early"]
[Site "Chess.com INT"]
[Date "2023.05.16"]
[Round "10"]
[White "Potkin, Vladimir"]
[Black "Koutsin, Sergey"]
[Result "1/2-1/2"]
[WhiteElo "2574"]
[BlackElo "2481"]
[PlyCount "65"]
[EventDate "2023.05.16"]
[EventType "swiss (blitz)"]
[EventRounds "11"]
[EventCountry "USA"]
[SourceTitle "CBM 214 Extra"]
[Source "ChessBase"]
[SourceDate "2023.07.31"]
[SourceVersion "1"]
[SourceVersionDate "2023.07.31"]
[SourceQuality "1"]

1. Nf3 Nf6 2. c4 e6 3. Nc3 d5 4. e3 c5 5. d4 a6 6. cxd5 exd5 7. g3 Nc6 8. Bg2 Bg4 9. 0-0 cxd4 10. exd4 Be7 11. h3 Bf5 12. Ne5 0-0 13. Re1 Rc8 14. g4 Be6 15. Be3 Nd7 16. Nxd5 Bxd5 17. Bxd5 Ndxe5 18. dxe5 Nxe5 19. Bxb7 Rb8 20. Bxa6 Qxd1 21. Rexd1 Rxb2 22. a4 h6 23. a5 Bg5 24. Bc5 Ra8 25. Bf1 Nf3+ 26. Kg2 Nd2 27. a6 Rc2 28. Bb6 Rc6 29. Bd4 Nxf1 30. h4 Bf4 31. Kxf1 Rcxa6 32. Rxa6 Rxa6 33. Ke2 1/2-1/2

[Event "Titled Tuesday intern op 09th May Early"]
[Site "Chess.com INT"]
[Date "2023.05.09"]
[Round "1"]
[White "Koutsin, Sergey"]
[Black "Kravtsiv, Martyn"]
[Result "0-1"]
[WhiteElo "2481"]
[BlackElo "2598"]
[PlyCount "94"]
[EventDate "2023.05.09"]
[EventType "swiss (blitz)"]
[EventRounds "11"]
[EventCountry "USA"]
[SourceTitle "CBM 214 Extra"]
[Source "ChessBase"]
[SourceDate "2023.07.31"]
[SourceVersion "1"]
[SourceVersionDate "2023.07.31"]
[SourceQuality "1"]

1. d4 d5 2. c4 e6 3. Nc3 Bb4 4. Nf3 Nf6 5. cxd5 exd5 6. Qa4+ Nc6 7. Bg5 h6 8. Bxf6 Qxf6 9. e3 0-0 10. Be2 Be6 11. 0-0 a6 12. Qc2 Rfe8 13. Rac1 Bd6 14. a3 Ne7 15. Na4 Ng6 16. Nc5 Bc8 17. Qb3 b6 18. Nd3 Be6 19. Qc2 a5 20. Rfe1 Bf5 21. Qc6 Be4 22. Qb5 Re6 23. Qb3 Rae8 24. Qd1 Qf5 25. Rc3 Rf6 26. Rf1 Kh8 27. Rc1 Bxf3 28. Bxf3 Nh4 29. Ne1 Rg6 30. Kh1 Qg5 31. g3 Nxf3 32. Nxf3 Qe7 33. Qd3 Rf6 34. Nd2 Qd7 35. Kg2 h5 36. h3 g6 37. Rce1 Rfe6 38. Nf3 Kg7 39. Re2 Qd8 40. Rfe1 Re4 41. Nd2 R4e6 42. Nf3 Be7 43. Ne5 Bf6 44. f4 c5 45. b3 Bxe5 46. fxe5 f6 47. exf6+ Rxf6 0-1

[Event "Titled Tuesday intern op 25th Apr Early"]
[Site "Chess.com INT"]
[Date "2023.04.25"]
[Round "10"]
[White "Belov, Alexei"]
[Black "Koutsin, Sergey"]
[Result "1-0"]
[WhiteElo "2421"]
[BlackElo "2481"]
[PlyCount "45"]
[EventDate "2023.04.25"]
[EventType "swiss (blitz)"]
[EventRounds "11"]
[EventCountry "USA"]
[SourceTitle "EXT 2024"]
[Source "ChessBase"]
[SourceDate "2023.10.10"]
[SourceVersion "1"]
[SourceVersionDate "2023.10.10"]
[SourceQuality "1"]

1. e4 e6 2. d4 d5 3. Nd2 c5 4. Ngf3 Nc6 5. exd5 exd5 6. Bb5 Bd6 7. 0-0 Nge7 8. dxc5 Bxc5 9. Nb3 Bb6 10. Nfd4 0-0 11. c3 a6 12. Bd3 Qd6 13. Re1 Bc7 14. g3 Ng6 15. Qh5 Nce5 16. Bf4 f6 17. Nf5 Qd7 18. Nc5 Qc6 19. Bxe5 fxe5 20. Ne7+ Nxe7 21. Bxh7+ Kh8 22. Bg6+ Kg8 23. Qh7# 1-0

[Event "Titled Tuesday intern op 25th Apr Early"]
[Site "Chess.com INT"]
[Date "2023.04.25"]
[Round "7"]
[White "Koutsin, Sergey"]
[Black "Bekkedahl, Zachary"]
[Result "1-0"]
[WhiteElo "2481"]
[BlackElo "1969"]
[PlyCount "57"]
[EventDate "2023.04.25"]
[EventType "swiss (blitz)"]
[EventRounds "11"]
[EventCountry "USA"]
[SourceTitle "EXT 2024"]
[Source "ChessBase"]
[SourceDate "2023.10.10"]
[SourceVersion "1"]
[SourceVersionDate "2023.10.10"]
[SourceQuality "1"]

1. d4 Nf6 2. c4 g6 3. Nc3 Bg7 4. e4 d6 5. Nf3 0-0 6. Be2 e5 7. 0-0 exd4 8. Nxd4 Nc6 9. Be3 Re8 10. f3 Nd7 11. Nxc6 bxc6 12. Qd2 Ne5 13. c5 dxc5 14. Qxd8 Rxd8 15. Bxc5 Rd2 16. Rfd1 Rxd1+ 17. Rxd1 Be6 18. f4 Nd7 19. Bd4 Bxd4+ 20. Rxd4 Rb8 21. b3 c5 22. Ra4 Rb7 23. Ra5 f6 24. Bb5 Nb8 25. Na4 c6 26. Nxc5 Re7 27. Nxe6 Rxe6 28. Bc4 Kf7 29. Rxa7+ 1-0

[Event "Titled Tuesday intern op 18th Apr Early"]
[Site "Chess.com INT"]
[Date "2023.04.18"]
[Round "7"]
[White "Tomaszewski, Kacper"]
[Black "Koutsin, Sergey"]
[Result "1-0"]
[WhiteElo "2315"]
[BlackElo "2481"]
[PlyCount "65"]
[EventDate "2023.04.18"]
[EventType "swiss (blitz)"]
[EventRounds "11"]
[EventCountry "USA"]
[SourceTitle "EXT 2024"]
[Source "ChessBase"]
[SourceDate "2023.10.10"]
[SourceVersion "1"]
[SourceVersionDate "2023.10.10"]
[SourceQuality "1"]

1. e4 e6 2. Nf3 d5 3. e5 c5 4. c3 Nc6 5. Na3 Nge7 6. Nc2 Ng6 7. d4 f6 8. exf6 Qxf6 9. Bg5 Qf7 10. Bb5 Bd6 11. dxc5 Bxc5 12. 0-0 0-0 13. c4 a6 14. cxd5 exd5 15. Be2 Bf5 16. Ne3 Be6 17. Rc1 Bd6 18. Nc2 h6 19. Be3 Nf4 20. Bxf4 Bxf4 21. Ra1 Qf6 22. Ncd4 Nxd4 23. Qxd4 Rac8 24. Qxf6 Rxf6 25. Bd3 Bf7 26. Rfe1 Kf8 27. Nd4 g6 28. g3 Bb8 29. Rac1 Rd8 30. Kg2 Ba7 31. Nf3 g5 32. h3 d4 33. Be4 1-0

[Event "Internet Section 18-A"]
[Site "Dos Hermanas"]
[Date "2003.03.18"]
[Round "3"]
[White "Bauer, Christian"]
[Black "Koutsin, Sergey"]
[Result "1-0"]
[WhiteElo "2579"]
[BlackElo "2481"]
[PlyCount "147"]
[EventDate "2003.03.18"]
[EventType "swiss (blitz)"]
[EventRounds "9"]
[EventCountry "ESP"]
[SourceTitle "EXT 2004"]
[Source "ChessBase"]
[SourceDate "2003.11.25"]
[SourceVersion "1"]
[SourceVersionDate "2003.11.25"]
[SourceQuality "1"]

1. d4 Nf6 2. Nf3 d5 3. c4 c6 4. Nc3 e6 5. e3 Nbd7 6. Qc2 a6 7. b3 Bd6 8. Bb2 Qe7 9. Be2 dxc4 10. bxc4 e5 11. 0-0 0-0 12. a4 Re8 13. Rfe1 e4 14. Nd2 Nf8 15. Qb3 c5 16. dxc5 Bxc5 17. Nd5 Nxd5 18. cxd5 Bf5 19. Nc4 Rad8 20. Red1 Ng6 21. Qc3 f6 22. Qb3 Kh8 23. Rac1 Rd7 24. Nb6 Rdd8 25. Nc4 Rd7 26. Rd2 Red8 27. Rcd1 Qf7 28. Na5 Nh4 29. Kh1 Qg6 30. Rg1 Qf7 31. Bc4 Qe7 32. Bc3 Bd6 33. Qb2 Qf7 34. Be2 Qg6 35. Nc4 Bxh2 36. g3 Bxg1 37. Kxg1 Nf3+ 38. Bxf3 exf3 39. Ba5 Qh5 40. e4 Rc8 41. Qd4 Bg6 42. Rd1 Qg4 43. e5 Rxc4 44. Qxg4 Rxg4 45. e6 Rd6 46. Bc7 Rxd5 47. Rxd5 h5 48. Bf4 h4 49. Rd8+ Kh7 50. e7 hxg3 51. fxg3 Bf7 52. Rf8 Bh5 53. Kf2 g5 54. Bd6 Rxa4 55. e8Q Bxe8 56. Rxe8 f5 57. Kxf3 Kg6 58. Rb8 b5 59. Rb6 Kh6 60. Be5+ Kh5 61. Rb8 Ra3+ 62. Kf2 Kg4 63. Rg8 Ra2+ 64. Ke3 Ra3+ 65. Kd4 Ra4+ 66. Kd5 Ra3 67. Bf4 Rxg3 68. Bxg3 Kxg3 69. Rxg5+ Kf4 70. Rg6 Ke3 71. Rxa6 f4 72. Ra3+ Ke2 73. Ke4 b4 74. Rb3 1-0

[Event "Guben op"]
[Site "Guben"]
[Date "2000.??.??"]
[Round "3"]
[White "Jaenig, Reinhard"]
[Black "Koutsin, Sergey"]
[Result "0-1"]
[WhiteElo "2097"]
[BlackElo "2471"]
[PlyCount "74"]
[EventDate "2000.??.??"]
[EventType "swiss"]
[EventRounds "7"]
[EventCountry "GER"]
[SourceTitle "EXT 2002"]
[Source "ChessBase"]
[SourceDate "2001.11.25"]
[SourceVersion "1"]
[SourceVersionDate "2001.11.25"]
[SourceQuality "1"]

1. e4 e6 2. d4 d5 3. Nc3 Nf6 4. Bg5 Bb4 5. e5 h6 6. Bd2 Bxc3 7. bxc3 Ne4 8. Qg4 g6 9. Nf3 c5 10. h4 Qa5 11. Rh3 Nc6 12. Qf4 Bd7 13. Bd3 Nxd2 14. Qxd2 0-0-0 15. dxc5 Kb8 16. Ke2 Qxc5 17. Rb1 Rc8 18. Rb5 Qa3 19. Rb3 Qe7 20. Qc1 Rc7 21. Qb2 Rhc8 22. Rh1 Na5 23. Rb4 Rxc3 24. Rb1 R8c7 25. Nd4 Ka8 26. g3 h5 27. Kf1 R3c5 28. Bb5 Bxb5+ 29. Nxb5 R7c6 30. Ra4 Rxc2 31. Qd4 b6 32. Qf4 R2c4 33. Rxc4 Nxc4 34. Kg2 a6 35. Nd4 Rc7 36. a4 Qa3 37. Qf6 Qd3 0-1

[Event "Tatry op"]
[Site "Tatranska Lomnica"]
[Date "1999.10.05"]
[Round "4"]
[White "Hlavnicka, Jiri"]
[Black "Koutsin, Sergey"]
[Result "1/2-1/2"]
[WhiteElo "2239"]
[BlackElo "2415"]
[PlyCount "27"]
[EventDate "1999.10.02"]
[EventType "swiss"]
[EventRounds "9"]
[EventCountry "SVK"]
[SourceTitle "EXT 2000"]
[Source "ChessBase"]
[SourceDate "1999.11.16"]
[SourceVersion "1"]
[SourceVersionDate "1999.11.16"]
[SourceQuality "1"]

1. c4 e6 2. d4 d5 3. Nc3 Be7 4. Nf3 Nf6 5. Bg5 0-0 6. e3 Nbd7 7. cxd5 Nxd5 8. Bxe7 Qxe7 9. Rc1 Nxc3 10. Rxc3 c6 11. Bd3 e5 12. dxe5 Nxe5 13. Nxe5 Qxe5 14. 0-0 1/2-1/2

[Event "Seefeld op 10th"]
[Site "Seefeld"]
[Date "1999.09.12"]
[Round "2"]
[White "Koutsin, Sergey"]
[Black "Czanderle, Guenther"]
[Result "1-0"]
[WhiteElo "2415"]
[BlackElo "2195"]
[PlyCount "59"]
[EventDate "1999.09.11"]
[EventType "swiss"]
[EventRounds "9"]
[EventCountry "AUT"]
[SourceTitle "EXT 2001"]
[Source "ChessBase"]
[SourceDate "2000.11.22"]
[SourceVersion "1"]
[SourceVersionDate "2000.11.22"]
[SourceQuality "1"]

1. d4 d5 2. c4 c6 3. Nc3 a6 4. Nf3 b5 5. cxd5 cxd5 6. Bf4 e6 7. e3 Nf6 8. Bd3 Be7 9. 0-0 Bb7 10. a4 b4 11. Nb1 Nbd7 12. Nbd2 0-0 13. h3 Ne4 14. Qe2 f6 15. Rfc1 Nxd2 16. Qxd2 Ra7 17. Qc2 h6 18. Qc7 Nb8 19. Nd2 Qxc7 20. Rxc7 Bd8 21. Rc2 Nc6 22. Bd6 Be7 23. Bxe7 Nxe7 24. Rc7 Nc8 25. Nb3 Nd6 26. Rd7 Nc8 27. Nc5 Rf7 28. Rd8+ Rf8 29. Bh7+ Kf7 30. Rd7+ 1-0

[Event "Wattens op 14th"]
[Site "Wattens"]
[Date "1999.??.??"]
[Round "4"]
[White "Acs, Peter"]
[Black "Koutsin, Sergey"]
[Result "0-1"]
[WhiteElo "2525"]
[BlackElo "2415"]
[PlyCount "116"]
[EventDate "1999.??.??"]
[EventType "swiss"]
[EventRounds "9"]
[EventCountry "AUT"]
[SourceTitle "EXT 2001"]
[Source "ChessBase"]
[SourceDate "2000.11.22"]
[SourceVersion "1"]
[SourceVersionDate "2000.11.22"]
[SourceQuality "1"]

1. e4 e6 2. d4 d5 3. Nc3 Nf6 4. Bg5 Bb4 5. e5 h6 6. Bd2 Bxc3 7. bxc3 Ne4 8. Qg4 g6 9. Bd3 Nxd2 10. Kxd2 c5 11. h4 Nc6 12. Nf3 Qa5 13. Qf4 cxd4 14. Nxd4 Nxd4 15. Qxd4 Bd7 16. Rhb1 Bc6 17. Rb4 0-0-0 18. Rab1 Rd7 19. a4 Kb8 20. g4 h5 21. gxh5 Rxh5 22. Be2 Rh8 23. Rg1 Rc7 24. Rg5 Rhc8 25. h5 gxh5 26. Bxh5 Bd7 27. Rg3 Rc4 28. Rxc4 Rxc4 29. Qd3 Rf4 30. Rf3 Qxa4 31. Bxf7 Bb5 32. Qxb5 Qxb5 33. Rxf4 Qb6 34. Rd4 Qc6 35. f4 Qd7 36. Bh5 Qh7 37. Be2 Qh2 38. c4 Qf2 39. c3 dxc4 40. Rxc4 b5 41. Rb4 a6 42. Re4 Kc7 43. Kc1 Kc6 44. Bd3 a5 45. Rd4 Kc5 46. Re4 Kc6 47. Rd4 Qe1+ 48. Kc2 Kc5 49. Re4 Qf2+ 50. Kc1 a4 51. Rb4 a3 52. Rxb5+ Kc6 53. Rb1 Qxf4+ 54. Kd1 a2 55. Ra1 Qa4+ 56. Bc2 Qa3 57. Be4+ Kc5 58. Kc2 Qa4+ 0-1

[Event "AUT-chT2O 9899"]
[Site "Austria"]
[Date "1999.??.??"]
[Round "9"]
[White "Banas, Jan"]
[Black "Koutsin, Sergey"]
[Result "1/2-1/2"]
[WhiteElo "2425"]
[BlackElo "2415"]
[PlyCount "41"]
[EventDate "1998.10.??"]
[EventType "team"]
[EventRounds "11"]
[EventCountry "AUT"]
[SourceTitle "EXT 2000"]
[Source "ChessBase"]
[SourceDate "1999.11.16"]
[SourceVersion "1"]
[SourceVersionDate "1999.11.16"]
[SourceQuality "1"]

1. Nf3 d5 2. g3 Nf6 3. Bg2 g6 4. b3 Bg7 5. Bb2 0-0 6. c4 c6 7. 0-0 Re8 8. Qc2 Bg4 9. d3 Nbd7 10. h3 Bxf3 11. Bxf3 e5 12. Bg2 h5 13. Nd2 Rc8 14. b4 Qe7 15. Qb3 e4 16. dxe4 Nxe4 17. Nxe4 Bxb2 18. Qxb2 dxe4 19. c5 Nf6 20. Rad1 Rcd8 21. Qb3 1/2-1/2

[Event "Oberwart op"]
[Site "Oberwart"]
[Date "1999.??.??"]
[Round "9"]
[White "Burmakin, Vladimir"]
[Black "Koutsin, Sergey"]
[Result "1/2-1/2"]
[WhiteElo "2579"]
[BlackElo "2415"]
[PlyCount "90"]
[EventDate "1999.07.??"]
[EventType "swiss"]
[EventRounds "9"]
[EventCountry "AUT"]
[SourceTitle "EXT 2000"]
[Source "ChessBase"]
[SourceDate "1999.11.16"]
[SourceVersion "1"]
[SourceVersionDate "1999.11.16"]
[SourceQuality "1"]

1. d4 d5 2. c4 e6 3. Nf3 Nf6 4. g3 dxc4 5. Qa4+ Nbd7 6. Bg2 a6 7. Nc3 Be7 8. Ne5 0-0 9. Nxd7 Qxd7 10. Qxc4 b5 11. Qd3 Rb8 12. 0-0 Bb7 13. Bxb7 Rxb7 14. Be3 Rc8 15. Ne4 Qd5 16. f3 e5 17. Nc3 Qe6 18. d5 Qd6 19. f4 b4 20. Ne4 Nxe4 21. Qxe4 Rb5 22. Rfd1 exf4 23. Bxf4 Qd7 24. Rac1 Rc5 25. Kg2 Re8 26. Qf3 Rxc1 27. Rxc1 Bd6 28. Bxd6 cxd6 29. Rc6 a5 30. b3 h6 31. e4 Re5 32. h4 Qe7 33. Rc4 h5 34. Qf4 Kh7 35. Qf3 g6 36. Kh2 Kg7 37. Kg2 Kh7 38. Kh2 Kg7 39. Kg2 Kh7 40. Kh2 Kg7 41. Kg2 Qa7 42. Qf2 Qe7 43. Qf3 Kh7 44. Kh2 Kg7 45. Kg2 Kh7 1/2-1/2